[Event "Lyon op"]
[Site "Lyon"]
[Date "2005.04.18"]
[Round "4"]
[White "Darget, B."]
[Black "Molina, J."]
[Result "1-0"]
[WhiteElo "1940"]
[BlackElo "1540"]
[PlyCount "36"]
[EventDate "2005.04.16"]
[EventType "swiss"]
[EventRounds "9"]
[EventCountry "FRA"]
[SourceTitle "CBM 105 Extra"]
[Source "ChessBase"]
[SourceDate "2005.05.01"]
[SourceVersion "1"]
[SourceVersionDate "2005.05.01"]
[SourceQuality "1"]

1. e4 e6 2. d4 d5 3. Nc3 Nf6 4. Bg5 Be7 5. e5 Nfd7 6. h4 f6 7. Qh5+ g6 8. exf6 Nxf6 9. Qd1 a6 10. g4 h5 11. Bxf6 Bxf6 12. g5 Bg7 13. Bd3 Qe7 14. Bxg6+ Kd7 15. Nf3 Nc6 16. Qd2 b5 17. 0-0-0 Bb7 18. Rhe1 Rae8 1-0

[Event "Lyon op"]
[Site "Lyon"]
[Date "2005.04.16"]
[Round "1"]
[White "Siret, Bernard"]
[Black "Darget, B."]
[Result "1-0"]
[WhiteElo "1499"]
[BlackElo "1940"]
[PlyCount "73"]
[EventDate "2005.04.16"]
[EventType "swiss"]
[EventRounds "9"]
[EventCountry "FRA"]
[SourceTitle "CBM 105 Extra"]
[Source "ChessBase"]
[SourceDate "2005.05.01"]
[SourceVersion "1"]
[SourceVersionDate "2005.05.01"]
[SourceQuality "1"]

1. d4 d5 2. e4 e6 3. Be3 Nd7 4. Nd2 c5 5. exd5 exd5 6. c3 Ngf6 7. h3 Bd6 8. Ngf3 0-0 9. Bd3 Re8 10. 0-0 Qc7 11. Re1 Nf8 12. dxc5 Bxc5 13. Bxc5 Rxe1+ 14. Qxe1 Qxc5 15. Qd1 Bd7 16. Nd4 Re8 17. N2f3 Qb6 18. Qb3 Qc7 19. a4 Ne6 20. Re1 Nc5 21. Rxe8+ Bxe8 22. Qc2 Bxa4 23. Qe2 Nxd3 24. Qxd3 Bd7 25. Nf5 Bxf5 26. Qxf5 Qd7 27. Qf4 Qd8 28. Nd4 a6 29. Nf5 b5 30. Qg5 Qf8 31. f3 Kh8 32. Kh1 Ne8 33. Ne3 d4 34. cxd4 f6 35. Qd5 Qe7 36. Nf5 Qa7 37. Qd8 1-0